| 000 | 00837cab a2200253 4500 | ||
|---|---|---|---|
| 001 | WB2945-48 | ||
| 008 | 090401t1993 xxu||||| |||| 00| 0 eng d | ||
| 035 | _a(Sirsi) u37128 | ||
| 041 | _aeng | ||
| 245 | _aHill farm incomes rise | ||
| 260 | _c1993 | ||
| 350 | _a0 | ||
| 490 |
_aMAFF News Release _v(416/93) 30 November 1993, (3) |
||
| 520 | _aMAFF reports a rise of a third in hill farmers income in real terms in 1992/1993 with a forecast of a 28% increase in 1993/1994. Gives details of the 1994 Hill Livestock Compensatory Allowances. | ||
| 650 | _aCAP REFORM | ||
| 650 | _aDISADVANTAGED AREAS | ||
| 650 | _aGOVERNMENT GRANTS | ||
| 650 | _aHILL FARMERS | ||
| 650 | _aHILL LIVESTOCK COMPENSATORY ALOWANCES | ||
| 650 | _aSEVERELY DISADVANTAGED AREAS | ||
| 690 | _aRURAL PRACTICE | ||
| 942 | _n0 | ||
| 948 | _c04/03/1997 | ||
| 999 |
_c24019 _d24019 |
||